| 000 | 00374nam a22001457a 4500 | ||
|---|---|---|---|
| 999 |
_c7814 _d7814 |
||
| 003 | OSt | ||
| 005 | 20200522115744.0 | ||
| 008 | 200522b ||||| |||| 00| 0 eng d | ||
| 020 | _a9789383784363 | ||
| 082 | _a363.7JAI | ||
| 100 | _aShilpi Saraswat Neerja Jaiswal | ||
| 245 | _aEnvironment Protection and Education | ||
| 260 |
_aDelhi _bNeeraj Publishing House |
||
| 942 | _2ddc | ||